World Capital Bullseye #22 - Statistics

General Stats
  • This quiz has been taken 67 times
  • The average score is 22 of 28
Answer Stats
Capital City % Correct
Brasilia
96%
Bogota
95%
Caracas
93%
Lima
93%
Santiago
91%
Asuncion
89%
Sucre
89%
Buenos Aires
88%
Panama City
88%
Havana
82%
Kingston
82%
Paramaribo
82%
Georgetown
80%
San Jose
80%
San Salvador
79%
QUITO
77%
Managua
75%
Port-au-Prince
73%
Wellington
71%
Suva
70%
Tegucigalpa
70%
Port-of-Spain
68%
Apia
66%
Funafuti
61%
Santo Domingo
59%
Dakar
55%
Nuku'alofa
55%
Praia
52%
No matching quizzes found
Score Distribution
Percent of People with Each Score
Percentile by Number Answered
Your Score History
You have not taken this quiz